000 00703nam a22002057a 4500
999 _c7589
_d7589
003 AR-CdUCM
008 190320b ||||| |||| 00| 0 spa d
040 _aMUNICIPALIDAD PROVINCIAL DEL CUSCO
_cBIBLIOTECA MUNICIPAL DEL CUSCO
082 _a121 /
_bG85
100 _aGuardia Mayorga, Cesar
_93220
245 _aProblema del conocimiento /
260 _aLima :
_c1964.
300 _a206 paginas ;
_c21 cm.
505 _aContenido : Proposito -- Problemas iniciales -- Capacidad copnocitiva del hombre -- Objeto del conocimiento -- Objetividad del mundo exterior ...
650 _aConocimiento
_95704
650 _aRazonamiento
_920965
650 _aHombre
_9838
942 _2ddc
_cLIBROS
945 _arah